| 000 | 00993cam a2200229 4500 | ||
|---|---|---|---|
| 001 | ABS65410 | ||
| 008 | 020508n2002 000 0 eng u | ||
| 035 | _a(Sirsi) u117852 | ||
| 100 | _aRiley, A | ||
| 245 | _aDid I hear you say yes? | ||
| 260 | _c2002 | ||
| 490 |
_aProperty Week _v 67(15) 19 April 2002, 38-39(2) |
||
| 520 | _aExamines legal problem of validity of consent in cases where tenant is restricted from assigning lease, subletting, altering premises, or changing use of premises without consent of landlord. Issue analysed is whether consent given by correspondence or orally, in principle, is binding. Once consent is given, and acted on, it cannot be withdrawn. | ||
| 590 | _aABS | ||
| 650 | _aVENETIAN GLASS GALLERY LTD V NEXT PROPERTIES LTD | ||
| 650 | _aMOUNT EDEN LAND V PRUDENTIAL ASSURANCE | ||
| 650 | _aAUBERGINE ENTERPRISES LTD V LAKEWOOD INTERNATIONAL LTD | ||
| 650 | _aCONSENT | ||
| 650 | _aLEASES | ||
| 690 | _aLANDLORD AND TENANT-LEASES | ||
| 942 | _n0 | ||
| 999 |
_c70179 _d70179 |
||